Catálogo
 En Linea

Brain reward systems and abuse / (Registro nro. 35911)

Detalles MARC
000 -CABECERA
campo de control de longitud fija 00643nam a2200169 a 4500
001 - NÚMERO DE CONTROL
campo de control 000036420
005 - FECHA Y HORA DE LA ÚLTIMA TRANSACCIÓN
campo de control 20200930075725.0
008 - DATOS DE LONGITUD FIJA--INFORMACIÓN GENERAL
campo de control de longitud fija 120117s1987 xxu 000 0 spa d
020 ## - NÚMERO INTERNACIONAL ESTÁNDAR DEL LIBRO
Número Internacional Estándar del Libro 0881672637
040 ## - FUENTE DE LA CATALOGACIÓN
Centro catalogador/agencia de origen DO-SdBNP
Lengua de catalogación eng
Centro/agencia transcriptor BNPHU
082 ## - NÚMERO DE LA CLASIFICACIÓN DECIMAL DEWEY
Número de clasificación xxxx
Número de documento/Ítem B814r
111 2# - ENTRADA PRINCIPAL--NOMBRE DE CONGRESO/REUNIÓN
Nombre de congreso/reunión o jurisdicción como elemento de entrada International Berzelius Symposium
Número del congreso/reunión o número de parte o sección (7mo
Fecha del congreso/reunión 1985
Sede del congreso/Lugar de la reunión Göteborg, Sweden)
9 (RLIN) 62631
245 10 - MENCIÓN DE TÍTULO
Título Brain reward systems and abuse /
Mención de responsabilidad, etc. Seventh International Berzelius Symposium ; sponsored by the Swedish Society of Medicine editors Jörge Engel ...[et al.].
260 ## - PUBLICACIÓN, DISTRIBUCIÓN, ETC.
Lugar de publicación, distribución, etc. New York :
Nombre del editor, distribuidor, etc. Reven Press,
Fecha de publicación, distribución, etc. 1987.
300 ## - DESCRIPCIÓN FÍSICA
Extensión 197 p. :
Otras características físicas il. ;
Dimensiones 24 cm.
700 1# - PUNTO DE ACCESO ADICIONAL--NOMBRE DE PERSONA
Nombre de persona Engel, Jörge
Término indicativo de función/relación ed.
9 (RLIN) 62632
Existencias
Estado de retiro Estado de pérdida Restricciones de uso No para préstamo Código de colección Localización permanente Ubicación/localización actual Ubicación en estantería Fecha de adquisición Número de inventario Total de préstamos Signatura topográfica completa Código de barras Fecha visto por última vez Precio válido a partir de Tipo de ítem Koha
      Excluido de préstamo Monografías: Libros y Folletos General General En catalogación 17.01.2012 LF1   xxxx B814r 36421-10 25.06.2020 25.06.2020 No se presta
        Monografías: Libros y Folletos General General Orden iniciada 17.01.2012 LF1   xxxx B814r 36422-10 25.06.2020 25.06.2020 No se presta

Con tecnología Koha